Statistiques concernant Groupes Ligue des Champions 2016-2017

Cliquez ici pour prendre le quiz!

Statistiques générales

  • Ce quiz a été pris 99 fois
  • Le résultat moyen est 23 sur 32

Statistiques - réponses

GroupePlace dans le groupeNoms des équipes% Correct
Groupe A2èmePSG
99%
Groupe C1erFC Barcelone
98%
Groupe F2èmeReal Madrid
97%
Groupe C2èmeManchester City
95%
Groupe D2èmeBayern Munich
94%
Groupe D1erAtletico Madrid
93%
Groupe F1erBorussia Dortmund
93%
Groupe H2èmeSéville FC
93%
Groupe H1erJuventus
92%
Groupe E1erAS Monaco
91%
Groupe H3èmeOL
91%
Groupe A1erArsenal
90%
Groupe B1erNaples
88%
Groupe E3èmeTottenham
83%
Groupe G2èmeFC Porto
80%
Groupe B2èmeBenfica Lisbonne
76%
Groupe E2èmeBayer Leverkusen
74%
Groupe G1erLeicester City
72%
Groupe D4èmePSV Eindhoven
72%
Groupe E4èmeCSKA Moscou
66%
Groupe C4èmeCeltic Glasgow
60%
Groupe A4èmeFC Bâle
60%
Groupe F4èmeSporting Portugal
57%
Groupe H4èmeDinamo Zagreb
56%
Groupe B3èmeBeşiktaş
55%
Groupe A3èmeLudogorets Razgrad
52%
Groupe B4èmeDynamo Kiev
51%
Groupe C3èmeBorussia Mönchengladbach
41%
Groupe G3èmeFC Copenhague
36%
Groupe F3èmeLegia Varsovie
36%
Groupe D3èmeFK Rostov
27%
Groupe G4èmeClub Brugge
23%

Distribution des résultats

Percentile par nombre de réponses

% des personnes avec chaque résultat

Votre développement - résultats

Vous n’avez pas pris ce quiz